Green Day- Minority Lyrics - Statistics

General Stats
  • This quiz has been taken 68 times
  • The average score is 146 of 178
Answer Stats
Answer % Correct
A
100%
a
100%
be
100%
I
100%
minority
100%
the
100%
The
100%
wanna
100%
don't
98%
need
98%
you
98%
your
98%
majority
96%
'Cause
94%
Cause
94%
Down
94%
with
94%
all,
92%
authority
90%
moral
90%
under
88%
One
84%
one
84%
to
84%
To
84%
"For
82%
for
82%
out,
82%
out
82%
pledge
80%
loud",
78%
crying
76%
underworld
76%
allegiance
74%
fuck
74%
she
74%
in
72%
nation
72%
of
72%
'em
70%
me
68%
broken
66%
dark
66%
hearts
66%
light,
66%
by
64%
Flashing
64%
thousand
64%
mind
58%
only
58%
silence
58%
alone
56%
Blinded
56%
crowd,
56%
free
56%
own
56%
screamed
56%
know
54%
Like
54%
stand
54%
from
52%
my
52%
way
52%
dog,
50%
doubt,
48%
sight
48%
which
48%
Without
48%
line
46%
time
46%
against
44%
Marching
44%
sheep
44%
there
44%
herd
42%
runs
42%
face
40%
singled
40%
Stepped
40%
unto
40%
beat
38%
mold
38%
now
34%
at
30%
unsung
26%
No matching quizzes found
Score Distribution
Percent of People with Each Score
Percentile by Number Answered
Your Score History
You have not taken this quiz